000 00622nam a2200193 4500
005 20241008151257.0
010 _aENG-141964
020 _c425.00
_a9788173719370
035 _aEN-125496
037 _bDBAD
082 _a573.67
_21
100 _aGhosh, UK
_972471
245 _aCommon Obstetrical and Gynecological Conditions:
_bA Clinical Management Handbook/
_cBy UK Ghosh
250 _a1
260 _aHyderabad
_bUniversities Press (India) Pvt. Ltd.
_c2014
270 _a3-6-747/A & 3-6-754/1, Himayatnagar
_bHyderabad
_e500029
300 _aviii,234p.
_c24cm(pb)
942 _2ddc
_cEN
_h573.67
_mGHO
999 _c206169
_d206169